MDQL
is popping MORE tags! Check the
thread
!
Quizzes
Events
Quiz Creation
Community
Videos
Private Events
Remove Ads
Sign In
Join for FREE
Feedback
Dark Mode
Quiz Categories
Sports
Geography
Music
Movies
Television
Just For Fun
Miscellaneous
History
Literature
Language
Science
Gaming
Entertainment
Religion
Holiday
For Kids
Quiz Lab
Recent
Popular Today
Quiz Kudos Today
Editor Picks
Curator Picks
Quizzes by...
Day
Popularity
Type
Ratings
Length
Year
Community
Subscriptions
Recent Discussions
Orange Saloon
Badges
Playlists
Quests
Create
Leaderboards
Showdown
Live 5
Trivia Bingo
Activity
Puzzle Library
Sporcle Events
Private Events
Virtual Trivia
Globe League
Become a Host
Pub Owners
SporcleCon
Opinionation
Our Games
Videos
Blog
Mobile Apps
Partnerships
Remove Ads and Go Orange
Feedback
Sports
Athletes
MLB
NBA
NHL
NFL
Soccer
Sports Teams
WWE
NCAA
Football
Premier League
Basketball
Baseball
Hockey
Golf
Tennis
Cricket
Rugby
Auto Racing
Olympics
World Cup
Sports
Athletes
MLB
NBA
NHL
NFL
Soccer
Sports Teams
WWE
NCAA
Football
Premier League
Basketball
Baseball
Hockey
Golf
Tennis
Cricket
Rugby
Auto Racing
Olympics
World Cup
Random Quiz
Search Sporcle
×
Quiz Lab
Quiz Lab
Sports
Coast Eagles
Type in answers that appear in a list
Type in answers that appear in a list
Classic
Best Score? Go Orange.
West Coast Eagles Best and Fairest Winners (2022) Stats
Can you name the West Coast Eagles Best and Fairest Winners?
By
Lil_Foggy
10m
37 Questions
237 Plays
237 Plays
237 Plays
Comments
Comments
Give Quiz Kudos
Give Quiz Kudos
-
- Ratings
hide this ad
More Info
Replay
Link that replays current quiz
Next Quiz
Link to next quiz in quiz playlist
You Got
0%
They Got
Avg Score
63%
Avg Friend Score
Upgrade to see
Score Distribution
Jump to the score distribution portion of the page
Score
0/37
Timer
10:00
0
Plays Today
Year
Player
% Correct
2004
Chris Judd
96.2%
2006
Chris Judd
96.2%
2002
Ben Cousins
95.8%
2001
Ben Cousins
95.8%
2003
Ben Cousins
95.8%
2005
Ben Cousins
95.8%
2019
Luke Shuey
95.1%
2016
Luke Shuey
94.9%
2013
Matt Priddis
88.2%
2017
Elliot Yeo
87.8%
2018
Elliot Yeo
87.8%
2020
Nic Naitanui
86.9%
2021
Nic Naitanui
86.5%
2022
Tom Barrass
80.8%
2015
Andrew Gaff
78.5%
2008
Dean Cox
77.2%
2007
Darren Glass
74.3%
2009
Darren Glass
74.3%
2011
Darren Glass
74.3%
Year
Player
% Correct
1997
Peter Matera
70.9%
1988
John Worsfold
70%
2010
Mark LeCras
62.4%
1994
Glen Jakovich
60.3%
1995
Glen Jakovich
60.3%
2000
Glen Jakovich
60.3%
1993*
Glen Jakovich
60.3%
1992
Dean Kemp
59.5%
2014
Eric Mackenzie
51.5%
1989
Guy McKenna
50.2%
1999
Guy McKenna
50.2%
2012
Scott Selwood
44.3%
1990
Chris Lewis
35.4%
1993*
Don Pyke
30%
1991
Craig Turley
29.1%
1998
Ashley McIntosh
29.1%
1996
Drew Banfield
26.6%
1987
Steve Malaxos
22.8%
Quiz Playlist
Details
Report
Send in Message
Add To Playlist
More Info:
Can you name the West Coast Eagles Best and Fairest Winners (John Worsfold medal)? Updated as of 31/03/2023
Classic:
Type in answers that appear in a list
Last Updated: Mar 30, 2023
Quiz Scoreboard
CHALLENGE
Sign Up to Join the Scoreboard
Show All
Scores
Hide
Comments
May contain spoilers
Recently Published
1-10 Letter E Words III
by El_Dandy
Language
2m
Street Fighter Characters
by Artimus82
Gaming
60s
College Basketball Coaching Resumes
by pancakes188
Sports
9m
More to Explore
Quiz From the Vault
Featured Blog Post
Where Did the Easter Bunny Come From?
hide this ad
You Might Also Like...
Tags
AFL
Coast Eagles
eagle
Fairest Winners
The Eagles
West Coast
Today's Top Quizzes in Sports
Browse Sports
hide this ad
Top Contributed Quizzes in Sports
1
2022 World Cup Stars
2
Les meilleurs buteurs des matchs entre le PSG et l’OM
3
FIFA Club World Cup Champions
4
Les entraîneurs de l'OM et du PSG au 21e siècle
5
Criteria MLB: Left Handed Sluggers
6
2023 MLB Unique Player Accomplishments
7
AFC Teams Reveal (Wrong Answers Minefield)
8
Players with Multiple 50 Home Run Seasons
9
5-to-1: FBS Animal Nicknames
10
5-to-1: UK Sports Teams
Explore More
Trending Topics
Kpop
Harry Potter
Anime
NBA
Disney
Marvel
Crossword
NFL
Country
WWE
The Office
Pokémon
Song
Puzzle
Soccer
hide this ad
More By:
Lil_Foggy
Quiz
Plays
Rating
Category
Featured
Created
AFL Coleman Medalists (2000-2022)
2,150
3.40
Sports
Jun 5, 2019
AFL Norm Smith Medalists (1979-2022)
1,608
2.80
Sports
Sep 30, 2019
Top 25 All Time AFL Brownlow Medal Career Totals
815
3.67
Sports
Jun 18, 2019
AFL Grand Final Losers 1990-2022
393
5.00
Sports
Sep 14, 2020
AFL Rising Star Award Winners (1993-2022)
374
3.33
Sports
Jun 5, 2019
Go to Creator's Profile
Score Distribution
Quiz Creator Spotlight
Lil_Foggy
Follow
Send a Message
Quizzes Created
-
Created Quiz Play Count
-
More By This Creator
Popular Quizzes Today
1
Find the US States - No Outlines Minefield
2
Find the Countries of Europe - No Outlines Minefield
3
The Countries of the World
4
Find the US States
5
Risky Map Clicking: Biggest States A-Z
6
US States
7
Popular People in 1961
8
Movies - When Are They Set?
More Sports Quizzes
MLB Best Pitching Seasons By Team (2010s)
Published
Trending Quizzes
Risky Map Clicking: Least Populous States A-Z
Billboard Blitz: Aretha Franklin
Famous Russians: Author or Composer?
1-10 Letter G Words
Countries of the World: 200 Million BC
Recently Updated
Leaping Animals
pecheneg
Reality TV Shows (A-Z)
bhenderson79
Rickey Henderson's Hall of Fame Teammates
pecheneg
Champions League XIs: Arsenal
pecheneg
Quick Pick: Celebrities in WWE's Hall of Fame
aduchscher
A-Z Keypad Blitz II
pecheneg
Multiple Oscar Actors
pecheneg
Mystery Phrase Blitz: Oscar 'Best Actors'
pecheneg
F. Scott Fitzgerald Novels
LTH
Pick 3 Villains
ddd62291
Trending Topics
Kpop
Anime
Harry Potter
NBA
Disney
Marvel
Crossword
Soccer
NFL
WWE
Pokémon
Song
Country
The Office
Puzzle
Your Account Isn't Verified!
In order to create a playlist on Sporcle, you need to verify the email address you used during registration. Go to your
Sporcle Settings
to finish the process.
Report this User
Report this user for behavior that violates our
Community Guidelines
.
Details:
Send Report
Go to the Sporcle.com Mobile Site →
Comments